00760nam a2200229Ia 4500003000400000005001700004008004100021020001500062040000700077041000800084082001500092100002300107245006400130260004800194300001500242365001400257650002500271906006200296942001200358999001900370952014100389OSt20230504093632.0210423s2004 xx 000 0 und d a8123910878 cAL aeng a660.6 JAIP aJAIN (P C).997411 aMicrobiology and biotechnology for sustainable development. aNew DelhibCambridge University Pressc2004 axi,372bPB b1295cINR aBiotechnology997412 abiotechnology ; development. ; Microbiology ; sustainable 2ddccBK c163180d163180 001040708BTaSACPGbSACPGd2005-08-12eIntel Book Distributersg1295.00l0o660.6 JAIPpPG009675r2022-08-24 00:00:00w2021-04-26yBK